000 01860cam a2200493 a 4500
001 21438
003 VRT
005 20260302112031.0
008 251117s2017 xo a b 000 f slo
015 _aSNBA2018/07
020 _a9788089913022
_q(viaz.)
035 _aurn:nbn:sk:snk-am00d3vp
035 _aurn:nbn:sk:snk-am3hksu
035 _aCB7CA998-92EF-4AA3-B15A-1437D90A0EA1
039 9 _a202511170626
_bVLOAD
_c202008260953
_dAUTHORITY
_c202001041301
_dVLOAD
_c201807091004
_dmsnk24
040 _aPPPK
_bslo
_cPPPK
_dSNK
_eAACR2
041 1 _aslo
_afre
_hfre
044 _axo
_cSK
072 7 _a821.162.4-3
_xSlovenská próza
_2konspekt
072 7 _a821-93
_xLiteratúra pre deti a mládež (beletria)
_2konspekt
080 _a821.162.4-34
_22011
080 _a82-93-053.2
_22011
080 _a(0.027)=030
_22011
100 1 _aWeiner-Kráľ, Imro,
_d1901-1978
_4aut
_4ill
245 1 0 _aRozprávky pre Elise
_n4
_pŽabiakovo dobrodružstvo a ďalšie príbehy
_cImro Weiner-Kráľ ; [z francúzskeho jazyka preložila Dagmar Ondrejková]
246 3 0 _aŽabiakovo dobrodružstvo a ďalšie príbehy
250 _a1. vyd.
260 _aBratislava
_bPetrus
_c2017
300 _a148 s.
_bfareb. ilustr.
_c21 cm
490 1 _aProles
_v4. zv.
500 _aSúbežný text vo franc.
655 7 _aslovenské rozprávky
_2SNKPH
655 7 _apublikácie pre deti
_2SNKPH
655 7 _advojjazyčné vydania
_2SNKPH
655 7 _aSlovak fairy tales
_2SNKPHeng
655 7 _aChildren's literature
_2SNKPHeng
655 7 _aBilingual editions
_2SNKPHeng
700 1 _aOndrejková, Dagmar
_c(prekladateľka)
_4trl
830 0 _aProles
942 _2ddc
_cKLDE
_n0
949 _63870A24996
_abinIL 1358
_bbin24996
949 _617A1331855
_asnkSC 171904/4
_bsnk2018/12311
_o1317/18
_s6100:20180711
949 _617A1331856
_asnkSC 171904/4 D1
_bsnk2018/12312
_o1317/18
999 _c21438
_d21438